[Event "NCA-chT final"]
[Site "Managua"]
[Date "2018.11.18"]
[Round "10.4"]
[White "Diego Martinez, Humberto Jose"]
[Black "Rivas, Cristhian"]
[Result "1/2-1/2"]
[WhiteElo "2021"]
[BlackElo "1940"]
[PlyCount "70"]
[EventDate "2018.10.27"]
[EventType "team-tourn"]
[EventRounds "11"]
[EventCountry "NCA"]
[SourceTitle "EXT 2020"]
[Source "ChessBase"]
[SourceDate "2019.10.17"]
[SourceVersion "1"]
[SourceVersionDate "2019.10.17"]
[SourceQuality "1"]

1. e4 c5 2. Nf3 d6 3. d4 cxd4 4. Nxd4 Nf6 5. Nc3 a6 6. f3 e5 7. Nb3 Be6 8. Be3 Be7 9. Qd2 Nbd7 10. g4 b5 11. g5 b4 12. Ne2 Nh5 13. Ng3 Nf4 14. h4 h6 15. Nd4 exd4 16. Bxf4 Ne5 17. Be2 hxg5 18. hxg5 Rxh1+ 19. Nxh1 Ng6 20. Bg3 Bxg5 21. f4 Bxf4 22. Qxd4 Bxg3+ 23. Nxg3 Qg5 24. Nf5 Bxf5 25. exf5 Qh4+ 26. Qxh4 Nxh4 27. Bd3 Ke7 28. Kf2 Kf6 29. Rg1 Rc8 30. Rg4 Nxf5 31. Rxb4 a5 32. Rb6 Rc5 33. c3 Ne7 34. Rxd6+ Ke5 35. Rd7 Ke6 1/2-1/2

[Event "NCA-chT final"]
[Site "Managua"]
[Date "2017.10.29"]
[Round "6.3"]
[White "Rivas, Cristhian"]
[Black "Salazar Cabezas, Alberto Javier"]
[Result "1-0"]
[WhiteElo "1942"]
[BlackElo "1878"]
[PlyCount "73"]
[EventDate "2017.10.21"]
[EventType "team-tourn"]
[EventRounds "9"]
[EventCountry "NCA"]
[SourceTitle "CBM 181 Extra"]
[Source "ChessBase"]
[SourceDate "2017.12.12"]
[SourceVersion "1"]
[SourceVersionDate "2017.12.12"]
[SourceQuality "1"]

1. e4 c5 2. Nf3 Nc6 3. d4 cxd4 4. Nxd4 Nf6 5. Nc3 e5 6. Ndb5 d6 7. Bg5 a6 8. Na3 b5 9. Nd5 Be7 10. Bxf6 gxf6 11. c3 f5 12. exf5 Bxf5 13. Be2 Be6 14. Nc2 Bg5 15. 0-0 0-0 16. a4 Rb8 17. axb5 axb5 18. Ra6 Qc8 19. Ndb4 Nxb4 20. Nxb4 Be7 21. Ra7 Rb7 22. Rxb7 Qxb7 23. Qd3 Bc4 24. Qe3 f5 25. Rd1 Bxe2 26. Qxe2 Rf7 27. Qd3 Bf8 28. Ra1 Kh8 29. Qd5 Qd7 30. Ra8 f4 31. Nc6 Qf5 32. h4 f3 33. Qxd6 Qb1+ 34. Kh2 Kg7 35. Qxe5+ Kg8 36. Ne7+ Rxe7 37. Qxe7 1-0